Kluby świetokrzyskie Ekstraklasa, I, II, III liga - Statystyki

Ogólne statystyki
  • Ten quiz został rozwiązany 25 razy
  • Średni wynik to 4 z 7
Statystyki odpowiedzi
Liga Klub % Poprawnych
Ekstraklasa Korona Kielce
100%
III liga KSZO Ostrowiec Świętokrzyski
78%
III liga Star Starachowice
65%
III liga Naprzód Jędrzejów
52%
III liga Czarni Połaniec
43%
III liga Korona Kielce II
35%
III liga Sparta Kazimierza Wielka
30%
Nie znaleziono quizów pasujących do podanych kryteriów
Rozkład punktacji
Procent ludzi z każdym wynikiem
Percentyl według liczby udzielonych odpowiedzi
Twoja historia wyników
Nie rozwiązałeś tego quizu